000 00301nmm a2200097Ia 4500
008 220120s9999||||xx |||||||||||||||||und||
020 _a0-07-136172-3
100 _aTokheim, Roger, L
_93359
245 0 _aDigital electronics : principles and applications
260 _aTata mcgraw hill company Ltd
_bNew york
999 _c139631
_d139631